Statistics for European Geography By Letter - T

Click here to take the quiz!

General Stats

  • This quiz has been taken 37,950 times
    (37,931 since last reset)
  • The average score is 12 of 20

Answer Stats

ClueAnswer% Correct
London riverThames
97%
Flower often associated with
the Netherlands
Tulip
91%
Country whose territory is
3% in Europe
Turkey
89%
Champs-Élysées landmarkArc de {Triomphe}
87%
Italian region of Florence and PisaTuscany
81%
Italian Winter Olympics host cityTurin
80%
Estonian capital once called RevalTallinn
75%
Square where you'd find Nelson's columnTrafalgar
73%
Capital of AlbaniaTirana
69%
Historical region of central RomaniaTransylvania
67%
Second most common
mother tongue in Germany
Turkish
58%
To ensure a return to Rome, throw
a coin in this fountain
Trevi Fountain
58%
Newcastle riverTyne
54%
French city home to Europe's
aerospace industry
Toulouse
54%
Greece's second cityThessaloniki
47%
France's high-speed rail systemTGV
38%
Italian port on the Slovenian borderTrieste
36%
Spanish city near Madrid;
El Greco painted it
Toledo
34%
Mediterranean sub-sea on the
west coast of Italy
Tyrrhenian Sea
23%
Largest inland city of FinlandTampere
17%

Score Distribution

Percentile by Number Answered

Percent of People with Each Score

Your Score History

You have not taken this quiz since the last reset